000 00358 a2200145 i 4500
001 197215
003 44923
010 _a978-617-567-078-1
090 _a197215
100 _a u||y y50 zz
200 _aСередняківська пісня Кобзаря
210 _d2014
700 _aБойко
_bП.
942 _2udc
_cXXX
_z44923
999 _c44923
_d44923